000 00818cam a2200253 a 4500
001 16519396
005 20180312054718.0
008 101026s2010 nju b 001 0 eng
010 _a 2010045249
020 _a9780470913024 (pbk.)
040 _aDLC
_cDLC
_dDLC
041 _aeng
042 _apcc
080 _a613.2/82 LOR
082 0 0 _a613.2/82 LOR
_222
084 _aHEA006000
_2bisacsh
100 1 _a4
101 _aMJE
245 1 4 _aThe Paleo diet :
_cLoren Cordain.
504 _aIncludes bibliographical references (p. 221-248) and index.
906 _a7
_bcbc
_corignew
_d1
_eecip
_f20
_gy-gencatlg
942 _2ddc
_cBK
999 _c44696
_d44696